|
|
|
|
| LEADER |
00000nam a2200000 a 4500 |
| 001 |
vtls009451066 |
| 003 |
SK-MaSNL |
| 005 |
20260301211038.0 |
| 008 |
240313s2007 hu hoa b 000 0 ger |
| 015 |
|
|
|a SNBZSA2009-00045
|
| 020 |
|
|
|a 9789639662193
|q (brož.)
|
| 035 |
|
|
|a B36DF533-1DD3-4EFB-B832-6AEB50FBE326
|
| 035 |
|
|
|a urn:nbn:sk:snk-amtg57
|
| 035 |
|
|
|a urn:nbn:sk:snk-am00cd7g
|
| 040 |
|
|
|a SNK
|b slo
|c SNK
|e AACR2
|
| 041 |
1 |
|
|a ger
|h hun
|
| 044 |
|
|
|a hu
|c HU
|
| 072 |
|
7 |
|a 72/76
|x Výtvarné umenie
|2 konspekt
|
| 072 |
|
7 |
|a 27-5
|x Kresťanské umenie a symbolika. Duchovný život
|2 konspekt
|
| 080 |
|
|
|a 726.95
|x (437.6)
|2 2001
|
| 080 |
|
|
|a 72/76
|2 2001
|
| 080 |
|
|
|a 904(437.6)
|2 2001
|
| 080 |
|
|
|a 27-522
|2 2001
|
| 100 |
1 |
|
|a Szilágyi, István,
|d 1938-2005
|4 aut
|9 475598
|
| 245 |
1 |
4 |
|a Die mittelalterliche Kalvarie von Schemnitz und ihre Darstellungen
|c István Szilágyi ; [redigiert von István Zombori ; verlegt von Magyar Egyháztörténeti Enciklopédia Munkaközösség (METEM) Budapest und Historia Ecclesiastica Hungarica Stiftung]
|
| 260 |
|
|
|a Budapest
|b Magyar Egyháztörténeti Enciklopédia Munkaközösség
|c 2007
|
| 300 |
|
|
|a 76 s.
|b ilustr. (niektoré fareb.), faksim.
|c 30 cm
|
| 500 |
|
|
|a Spoluvydav.: Historia Ecclesiastica Hungarica Stiftung
|
| 504 |
|
|
|a Bibliogr. s. 35-36
|
| 610 |
2 |
7 |
|a Kalvária (Banská Štiavnica, Slovensko)
|2 snkph
|9 131243
|
| 650 |
0 |
7 |
|a sakrálne stavby
|z 17.-18. stor.
|2 snkph
|9 475599
|
| 650 |
0 |
7 |
|a výtvarné umenie
|2 snkph
|9 723
|
| 650 |
0 |
7 |
|a dejiny miest
|2 SNKPH
|9 164833
|
| 651 |
|
7 |
|a Banská Štiavnica (Slovensko)
|2 snkph
|9 16373
|
| 655 |
|
7 |
|a štúdie
|2 snkph
|9 57033
|
| 700 |
1 |
|
|a Zombori, István,
|d 1949-
|4 red
|9 313154
|
| 710 |
2 |
|
|a Historia Ecclesiastica Hungarica Stiftung
|4 pbl
|9 595298
|
| 919 |
|
|
|a 978-963-9662-19-3
|
| 958 |
|
|
|a OND
|
| 958 |
|
|
|a ZS
|
| 958 |
|
|
|a OP
|
| 958 |
|
|
|a HU
|
| 958 |
|
|
|a NB
|
| 958 |
|
|
|a NT
|
| 999 |
|
|
|c 915547
|d 917477
|
| 952 |
|
|
|a SNK
|b SNK
|y PREZ
|7 0
|p 17A0605560
|o snkSB 77213
|i snk2009/1284
|8 2
|g 7.83
|0 0
|1 0
|4 0
|d 2008-12-02
|f 1
|l 0
|r 2025-04-28 00:00:00
|w 2026-02-24
|